000 00660nam a2200241Ia 4500
003 OSt
005 20221007064958.0
006 a|||||r|||| 00| 0
007 ta
008 221006b |||||||| |||| 00| 0 eng d
024 _a10,240
037 _cTextual
040 _aFLL
_cFLL
_beng
041 _2eng
_aeng
082 _aZ2:8821wN02, K7
100 _aRao K.Subba Au.
_9684078
245 0 _aDefender of liberties
260 _aDelhi
_bS.Chand India
_c1967
300 _a128p
_ccm.
700 _a Mahajan V.D. Au.
_9676142
942 _hZ2:8821wN02, K7
_cTEXL
_2CC
999 _c1135938
_d1135938